000
00307pam a2200133 a 4500
020
_c
041
_h
082
_a
748
_b
DRW
100
_a
John Prew.
245
_a
Colour Management for Logos
_h
Textual Documents
260
_a
[s.l]:
_b
Page one Publisher,
_c
2006.
300
_a
220:
_b
HArd.
930
_a
6249
999
_c
240039
_d
240039